000 00462nam a2200145Ia 4500
008 210716s2001 xx 000 0 und d
020 _a70445354
041 _aeng
082 _a004 HUTS
100 _aHutchinson, Sarah E; Sawyer, Stacey C.
245 _aComputers, communications, and information: a user's introduction.
_bUser's introduction.
250 _a1
260 _aNew Delhi
_bTata McGraw Hill Publishing Company Ltd
_c2001
300 _axvi,14.43, A26
999 _c184411
_d184411